The Office (US) - Hard trivia - Statistics

General Stats
  • This quiz has been taken 12 times
  • The average score is 8 of 20
Answer Stats
Hint Answer % Correct
Which state is Dunder Mifflin Nashua in? New Hampshire
67%
What was the waitresse's name at Benihana? Cindy
56%
What colour shirt does Oscar nearly always wear? Purple
56%
What was the name of Hunter's band? The Hunted
56%
How many jelly beans did Kevin think was in the pot at reception? 10
44%
What was the potential boy's name for Jan's baby? Chevy
44%
What is the name of the manager of the Albany branch? Craig
44%
What dundie did Kevin get in series 2? Don't go in there after me award
44%
Where did Michaels "brother" go back to, taking all of his blue jeans? Formerly Yugoslavia
44%
Who was Jim's emergency contact in series 2? Larissa Halpert
44%
What does Creed use to dye his hair? Printer ink
44%
What was the first name of Dunder and Mifflin? Robert
44%
What is Dwight's surname in second life? Shelford
44%
How many people came to the office to shoot the advert? 3
33%
Where was the orphanage that rejected Nellie for adoption? Romania
22%
What is Jim's surname in second life? Samtanko
22%
What is the disease that Pam and Jim made up about teeth turning to water? Spontaneous Dentrahydroplosion
22%
When is Creed's Birthday? (day and month) 1st November
11%
How much did Michael have to pay after he stepped on a koi fish? $300
11%
Who released the song that there was a lip dub in the cold open in series 7? The Human Beinz
11%
No matching quizzes found
Score Distribution
Percent of People with Each Score
Percentile by Number Answered
Your Score History
You have not taken this quiz